Metodología de la investigación social: su aplicación en Servicio Social y otras tecnologías
Сохранить в:
| Главный автор: | |
|---|---|
| Формат: | |
| Язык: | испанский |
| Опубликовано: |
Valparaíso
EDEVAL
1995
|
| Редактирование: | 2a. ed |
| Серии: | Colección de Estudios y Monografías, 20
|
| Предметы: | |
| Метки: |
Добавить метку
Нет меток, Требуется 1-ая метка записи!
|
MARC
| LEADER | 00000cam a2200000 a 4500 | ||
|---|---|---|---|
| 001 | UCC1673 | ||
| 003 | CL-VaPUC | ||
| 008 | 171117e19950000cl |||||||||||||||||spa|d | ||
| 020 | |a 9562000583 | ||
| 082 | 0 | 4 | |a 001.42 |b PAS |2 21 |
| 100 | |a Pastén Cordovez, Fernando |e autor |9 586390 | ||
| 245 | 1 | 0 | |a Metodología de la investigación social: su aplicación en Servicio Social y otras tecnologías |
| 250 | |a 2a. ed | ||
| 300 | |a 235 p | ||
| 942 | |c BK | ||
| 945 | |d 20171117 16:06:00 |a dcastane | ||
| 260 | |a Valparaíso |b EDEVAL |c 1995 | ||
| 650 | 0 | |a Métodos de investigación |9 262618 | |
| 650 | 0 | |a Ciencias sociales |v Investigación |9 307767 | |
| 583 | |a last modification |c 20171117 16:06:00 |k Rodrigo Vera | ||
| 490 | 0 | |a Colección de Estudios y Monografías, 20 | |
| 999 | |c 370069 |d 370067 | ||
| 952 | |0 0 |1 0 |3 erb |4 0 |6 001_420000000000000_PAS_1995 |7 0 |8 A |9 486360 |a BIBEDU |b BIBEDU |i 5437709 |o 001.42 PAS 1995 |p 5437709 |r 2019-11-24 |w 2019-11-24 |y BK |z Catalogado en:20171117 |k EPE | ||